000 00473nam a2200181Ia 4500
001 4279
005 20260306145744.0
008 260306t2017||||xx |||||||||||||| ||spa||
041 _aESP
082 _a320.1
_bS21
100 _aSandoval, Pablo
_eAUT
245 0 _aLas máscaras del poder:
_btextos para pensar el estado, la etnicidad y nacionalismo
260 _c2017
300 _a467 páginas :
_c23 cm.
650 _aGEN
654 _aCDE
942 _cLIB
_dJUS
_fJUS
_2ddc
_n
999 _c4279
_d4279